| 000 | 01410cam a22003375a 4500 | ||
|---|---|---|---|
| 001 | 121284 | ||
| 008 | 221228s2021 xxk f 001 0 eng d | ||
| 020 | _a9781783214259 | ||
| 041 | 0 | _aeng | |
| 050 | 0 | 4 | _a692.3095 |
| 110 | 1 |
_aRoyal Institution of Chartered Surveyors _94900 |
|
| 240 | _aNRM 2 | ||
| 245 | 0 | 0 |
_aNRM 2 _bRICS new rules of measurement _bdetailed measurement for building works |
| 250 | _a2nd | ||
| 260 |
_aLondon, _bRICS, _cOctober 2021 |
||
| 300 | _a355p | ||
| 490 | 0 | _aRICS Guidance Note | |
| 505 | 2 | _aIntroduction - ICMS: Global Consistency in Presenting Construction Life Cycle Costs and Carbon Emissions - Glossary - Detailed Measurement of Building works - Rules of measurement for building works | |
| 520 | _aSupersedes 2012 first edition. Effective from 1 December 2021. | ||
| 520 | _a41 work sections on a variety of topics from soft landscaping and fencing to cladding and transportation systems. | ||
| 521 | _aAdvanced | ||
| 650 | 2 | 4 | _aRICS NEW RULES OF MEASUREMENT |
| 650 | 2 | 4 | _aNEW RULES OF MEASUREMENT 2 |
| 651 | 4 | _aInternational | |
| 690 |
_aCost management _96233 |
||
| 690 |
_aMeasurement _96256 |
||
| 690 |
_aConstruction management _96230 |
||
| 690 |
_aProject management _96261 |
||
| 856 |
_uhttps://www.rics.org/profession-standards/rics-standards-and-guidance/sector-standards/construction-standards/nrm _zAvailable on RICS.org |
||
| 942 |
_n0 _2ddc |
||
| 999 |
_c121284 _d121284 |
||